| 000 | 00462nam a22001817a 4500 | ||
|---|---|---|---|
| 003 | CEME | ||
| 005 | 20210628202233.0 | ||
| 008 | 210301b xxu||||| |||| 00| 0 eng d | ||
| 020 | _a969-35-1084-4 | ||
| 040 | _c. | ||
| 082 | _a891.4397 BUT | ||
| 100 |
_aMuhammad Younas Butt Butt, Muhammad Younas _958939 |
||
| 245 | _aButt soorrtian | ||
| 260 |
_aLAHORE _bSAND-E-MEEL _c2000 |
||
| 300 | _a239P | ||
| 650 |
_aURDU ADAB-TANZ-O-MAZAH _91738 |
||
| 942 |
_cBK _2ddc |
||
| 999 |
_c569010 _d569010 |
||